000 00756nam a22002177a 4500
999 _c9794
_d9794
003 AR-CdUCM
008 190328b ||||| |||| 00| 0 spa d
040 _aMUNICIPALIDAD PROVINCIAL DEL CUSCO
_cBIBLIOTECA MUNICIPAL DEL CUSCO
082 _a985.0013 /
_bP26M
100 _aParis, Robert
_926237
245 _aEl marxismo de Mariátegui /
260 _a[Lima] :
_bEdiciones Amauta,
_c[s.a]
300 _a24 páginas ;
_c21.5 cm.
500 _aDonación de la familia Nieto.
505 _aContenido: artículo sobre Mariátegui y la influencia del marxismo.
650 _aMarxismo - Perú - Ensayos
_926238
650 _aMariátegui - Ensayos - Ideología
_926239
650 _aMarxismo - Ideología
_926240
942 _2ddc
_cLIBROS
945 _alccs